000 00541nam a22002177a 4500
003 UA-OsUOA
001 53230
007 ta
008 20080324b un ||||| |||| 00| 0 ukr d
090 _a236(470+571)
_bР77
942 _cBK
040 _aUA-OsUOA
_bukr
_cUA-OsUOA
_dUA-OsUOA
245 _aРоссия перед вторым пришествием
300 _a612 с.
955 _a1
041 _aukr
080 _a236(470+571)
260 _aМ.
_c1993
650 7 _a2 Релігія. Теологія.
_2UDC
999 _c339312
_d339312